Statistics for Top Romance Languages

Click here to take the quiz!

General Stats

  • This quiz has been taken 17,084 times
  • The average score is 5 of 6

Answer Stats

# Speakers Language % Correct
405 milSpanish
98%
75 milFrench
98%
59 milItalian
95%
215 milPortuguese
87%
24 milRomanian
53%
4.1 milCatalan
35%

Score Distribution

Percentile by Number Answered

Percent of People with Each Score

Your Score History

You have not taken this quiz